| 000 -LEADER |
| fixed length control field |
00648nam a22001817a 4500 |
| 005 - DATE AND TIME OF LATEST TRANSACTION |
| control field |
20240702120429.0 |
| 008 - FIXED-LENGTH DATA ELEMENTS--GENERAL INFORMATION |
| fixed length control field |
240702s2020 enk||||| |||| 00| 0 eng d |
| 020 ## - INTERNATIONAL STANDARD BOOK NUMBER |
| International Standard Book Number |
9780190939120x |
| 041 ## - LANGUAGE CODE |
| Language code of text/sound track or separate title |
eng |
| 080 ## - UNIVERSAL DECIMAL CLASSIFICATION NUMBER |
| Universal Decimal Classification number |
174.2 B-34 |
| 100 ## - MAIN ENTRY--PERSONAL NAME |
| Personal name |
Beauchamp, Tom L. |
| 9 (RLIN) |
22648 |
| 245 ## - TITLE STATEMENT |
| Title |
Principles of Animal Research Ethics / |
| Statement of responsibility, etc. |
Tom L. Beauchamp, David DeGrazia. |
| 264 ## - PRODUCTION, PUBLICATION, DISTRIBUTION, MANUFACTURE, AND COPYRIGHT NOTICE |
| Place of production, publication, distribution, manufacture |
Oxford : |
| Name of producer, publisher, distributor, manufacturer |
Oxford University Press, |
| Date of production, publication, distribution, manufacture, or copyright notice |
2020. |
| 300 ## - PHYSICAL DESCRIPTION |
| Extent |
164 p.; |
| Other physical details |
22 cm. |
| 653 ## - INDEX TERM--UNCONTROLLED |
| keyword |
ცხოველთა კვლევის ეთიკის პრინციპები |
| 700 ## - ADDED ENTRY--PERSONAL NAME |
| Personal name |
DeGrazia, David |
| Relator term |
ავტორი |
| 9 (RLIN) |
22649 |
| 942 ## - ADDED ENTRY ELEMENTS (KOHA) |
| Source of classification or shelving scheme |
|
| Koha item type |
წიგნი |